La crítica de Nietzsche a la democracia

Gorde:
Xehetasun bibliografikoak
Egile nagusia: Paredes Goicochea, Diego (Egilea)
Formatua: Liburua
Hizkuntza:gaztelania
Argitaratua: Bogotá Universidad Nacional de Colombia 2009
Saila:Colección General Biblioteca Abierta, 379
Gaiak:
Etiketak: Etiketa erantsi
Etiketarik gabe, Izan zaitez lehena erregistro honi etiketa jartzen!

MARC

LEADER 00000cam a2200000 a 4500
001 UCF5048
003 CL-VaPUC
005 20230309101231.0
008 130110e20090000CK |||||||||||||||||spa|d
999 |c 350673  |d 350671 
020 |a 9789587193169 
040 |c Pontificia Universidad Católica de Valparaíso 
082 0 4 |a 193  |b PAR  |2 21 
100 0 |a Paredes Goicochea, Diego  |e author  |9 566761 
245 1 3 |a La crítica de Nietzsche a la democracia 
260 |a Bogotá  |b Universidad Nacional de Colombia  |c 2009 
300 |a 154 p 
490 0 |a Colección General Biblioteca Abierta, 379 
583 |a last modification  |c 20130110 11:00:00  |k Rodrigo Vera 
600 |a Nietzsche, Friedrich  |q (Friedrich Wilhelm)  |d 1844-1900  |x Crítica e interpretación   |9 880462 
650 0 |a Filosofía alemana   |9 265002 
650 7 |a FILOSOFOS ALEMANES  |2 CL-VaPUC  |9 566762 
650 0 |a Democracia  |9 255256 
942 |c BK  |2 ddc 
945 |d 20130110 00:00:00  |a dcastane 
952 |0 0  |1 0  |4 0  |6 193_000000000000000_PAR_2009  |7 0  |8 A  |9 454232  |a BIBEDU  |b BIBEDU  |d 2019-11-22  |i 4944445  |o 193 PAR 2009  |p 4944445  |r 2019-11-22  |w 2019-11-22  |y BK  |k FIL